| 000 | 01436nam a22002417a 4500 | ||
|---|---|---|---|
| 005 | 20260507101523.0 | ||
| 008 | 260507b |||||||| |||| 00| 0 eng d | ||
| 020 | _a9788198845450 | ||
| 040 | _cAL | ||
| 041 | _aEnglish | ||
| 082 |
_a658.4092 _bMORT |
||
| 100 |
_aByron Morrison _9263425 |
||
| 245 |
_aThink like a ceo _b: stop reacting get out of your own head and take control of your role |
||
| 260 |
_aAhmedabad _bJaico Publishing House _c2025 |
||
| 300 |
_a188 p. _bPB _c22x14 cm. |
||
| 365 |
_a6831 _b₹319.00 _c₹ _d₹399.00 _e20% _f14-03-2026 |
||
| 520 | _aDiscover How to Master the Mental Game Needed to Become a Highly Effective CEO. THINK LIKE A CEO will show you everything from getting out of a reactive state to how to balance short-term problems with long-term priorities. You’ll also discover how to determine what to focus on and prioritize, make strategic decisions, leam to trust your own intuition and get out of your own head. Learn all about the strategies top CEOs use to ensure they can confidently navigate the challenges that come with running and growing a business. By the end, you’ll have the mindset needed to maximize your time, lead with confidence and grow a business without losing your sanity. | ||
| 650 |
_aLeadership _9263415 |
||
| 650 |
_aChief executive officers _9263416 |
||
| 650 |
_aStrategic management _9263417 |
||
| 650 |
_aOrganizational behavior _9263418 |
||
| 942 |
_2ddc _cBK |
||
| 999 |
_c241404 _d241404 |
||